000 00486nam a22001697a 4500
005 20251108165801.0
008 250721s1987 xx 000 0 ara d
082 1 4 _aط/535.6/عبد
100 1 _aيوسف، عبد التواب
245 1 0 _aاللون الأخضر /
264 1 _aالقاهرة :
_bمؤسسة الخليج العربي،
_c1987.
300 _a15ص : مص
490 0 _aسلسلة الألوان
650 1 7 _aالألوان
942 _2ddc
_cBK
999 _c31208
_d31208